Science Quiz

Random Science or Chemistry Quiz

Amino Acids Without Pictures Quiz Stats

 Plays Quiz Updated Jun 17, 2018

Support Sporcle.
Go Orange.
Score 0/20 Timer 04:00
0 Plays Today
% Correct
Leucine
88.2%
Alanine
87.6%
Glycine
86.5%
Glutamic acid
85.5%
Tryptophan
85%
Isoleucine
85%
Aspartic acid
84.2%
Valine
83.9%
Glutamine
82.7%
Lysine
81.5%
% Correct
Tyrosine
81.3%
Proline
80.8%
Phenylalanine
80.8%
Serine
79.8%
Asparagine
79.2%
Methionine
79.1%
Cysteine
78.3%
Histidine
77.6%
Threonine
76.7%
Arginine
76.5%

You're not logged in!

Compare scores with friends on all Sporcle quizzes.
OR
Log In

From the Vault

Find the Countries of Oceania

by NarwhalNukeYT

Water, water, water and some specks that we can only assume are land forms.
Remove Ads.
Support Sporcle.
Get the best of Sporcle when you Go Orange. This ad-free experience offers more features, more stats, and more fun while also helping to support Sporcle. Thank you for becoming a member.

Show Comments

Extras

Top Quizzes Today


Score Distribution

Your Account Isn't Verified!

In order to create a playlist on Sporcle, you need to verify the email address you used during registration. Go to your Sporcle Settings to finish the process.

Report this User

Report this user for behavior that violates our Community Guidelines.

Details: